000 00538nam a2200181 a 4500
001 000025284
005 20200930023700.0
008 110214s1986 dr 000 0 spa d
040 _aDO-SdBNP
_bspa
_cBNPHU
082 _aC861.3
_bV297p
100 1 _aVargas Vila, J.M.,
_d1860-1933
_q(José María)
_951805
245 1 0 _aProsas-Laudes /
_cJ.M. Vargas Vila.
260 _aSanto Domingo :
_bAlfa y Omega,
_c1986.
300 _a239 p. ;
_c18 cm.
650 4 _aProsa colombiana
_951806
650 4 _aLiteratura colombiana
_91244
049 _aBNPD
999 _c24777
_d24777